Inovácie v stratégii pripravujú firmy na budúcnosť
Zavádzanie inovácií vo vede, výskume, vývoji a príprave kvalifikovaných odborníkov ako kľúčová téma pre slovenský priemysel. Sumarizácia zmien v priemysle. Digitálne dáta ako súčasť moderného priemyselného vývoja. Nová úroveň spolupráce so zákazníkom v podobe podporných dát. Strojárstvo a rozširovan...
Saved in:
| Main Author: | |
|---|---|
| Other Authors: | |
| Format: | Book Chapter |
| Language: | Slovak |
| Subjects: | |
| Tags: |
No Tags, Be the first to tag this record!
|
MARC
| LEADER | 00000naa a2200000 4500 | ||
|---|---|---|---|
| 001 | 0257713 | ||
| 005 | 20221104112321.9 | ||
| 041 | 0 | |a slo | |
| 044 | |a SK | ||
| 245 | 1 | 0 | |a Inovácie v stratégii pripravujú firmy na budúcnosť |c Veronika Miháliková, Martin Jesný |
| 520 | |a Zavádzanie inovácií vo vede, výskume, vývoji a príprave kvalifikovaných odborníkov ako kľúčová téma pre slovenský priemysel. Sumarizácia zmien v priemysle. Digitálne dáta ako súčasť moderného priemyselného vývoja. Nová úroveň spolupráce so zákazníkom v podobe podporných dát. Strojárstvo a rozširovanie obchodných modelov. | ||
| 610 | 2 | 0 | |a inovácie technologické |
| 610 | 2 | 0 | |a inovácia |
| 610 | 2 | 0 | |a priemysel |
| 610 | 2 | 0 | |a konkurencieschopnosť |
| 610 | 2 | 0 | |a technológie informačné |
| 610 | 2 | 0 | |a technológie komunikačné |
| 610 | 2 | 0 | |a technológie nové |
| 610 | 2 | 0 | |a digitalizácia |
| 610 | 2 | 0 | |a dáta |
| 100 | 1 | |a Miháliková, Veronika | |
| 700 | 1 | |a Jesný, Martin | |